Mario Enemies - Statistics

General Stats
  • This quiz has been taken 170 times
  • The average score is 5 of 9
Answers on the Grid
Answers color-coded by a green-red scale on the quiz's grid according to % correct below.
Shy Guy
Terror Turtle
Scary Ghost
Goombrat
Purple Dino
Robo Koopa
Boomerang Bro
Larry Koopa
Mini Bowser
Brown Mushroom
Flying Koopa
Buzzy Beetle
Spiny
Morton Koopa
Bullet Bill
Ant Trooper
 
Answer Stats
Answer % Correct
Shy Guy
96%
Larry Koopa
61%
Bullet Bill
55%
Boomerang Bro
53%
Spiny
51%
Buzzy Beetle
44%
Morton Koopa
43%
Goombrat
35%
Ant Trooper
29%
No matching quizzes found
Score Distribution
Percent of People with Each Score
Percentile by Number Answered
Your Score History
You have not taken this quiz